O homem no teto / (Record no. 234)

MARC details
000 -LÍDER
campo de controle de tamanho fixo 01337nam a2200301 4500
001 - NÚMERO DE CONTROLE
campo de controle 234
003 - IDENTIFICADOR DO NÚMERO DE CONTROLE
campo de controle OSt
005 - DATA E HORÁRIO DA ÚLTIMA TRANSAÇÃO
campo de controle 20250528074015.0
008 - CAMPO DE DADOS FIXOS--INFORMAÇÃO GERAL
campo de controle de tamanho fixo 250205b |||||||j |||| 00| 1 eng d
020 ## - ISBN - INTERNATIONAL STANDARD BOOK NUMBER
ISBN - International Standard Book Number 8571644616
040 ## - FONTE DA CATALOGAÇÃO
Idioma da catalogação por
041 ## - CÓDIGO DE IDIOMA
Código do idioma do original e/ou traduções intermediárias do texto eng
Código do idioma do texto/trilha sonora ou título diferente por
082 ## - CDD - CLASSIFICAÇÃO DECIMAL DE DEWEY
Número de Classificação 028.5
Número do exemplar F297h
100 1# - ENTRADA PRINCIPAL--NOME PESSOAL
Nome pessoal Feiffer, Jules,
Datas associadas ao nome 1929-
9 (RLIN) 438
240 ## - TÍTULO UNIFORME
Título uniforme The man in the celling
245 ## - TÍTULO
Título O homem no teto /
Indicação de responsabilidade, etc. Feiffer, Jules ; Tradução de Carlos Sussekind
260 ## - PUBLICAÇÃO, DISTRIBUIÇÃO, ETC.
Local de publicação, distribuição, etc. São Paulo
Nome do editor, distribuidor, etc. Companhia das Letras
Data da publicação, distribuição, etc. 1995
300 ## - DESCRIÇÃO FÍSICA
Extensão 195 p.
520 ## - NOTA DE RESUMO, ETC.
Resumo, etc. O homem no teto é um prazer a que não estamos acostumados: um livro para jovens escrito numa relação de igualdade com os leitores. O humor característico de Feiffer e a percepção penetrante como um laser com que ele desvenda o mecanismo de motivações das pessoas - marcas registradas de toda a sua obra - estão luminosamente presentes neste livro. O homem no teto capta com a pontaria certeira de um soco do Batman as primeiras manifestações apaixonadas da sensibilidade em formação de um garoto criador de histórias em quadrinhos
650 #0 - ASSUNTO--TERMO TÓPICO
Cabeçalho tópico ou nome geográfico Literatura Americana
9 (RLIN) 84
650 #0 - ASSUNTO--TERMO TÓPICO
Cabeçalho tópico ou nome geográfico Infantojuvenil
9 (RLIN) 200
650 #0 - ASSUNTO--TERMO TÓPICO
Cabeçalho tópico ou nome geográfico Humor
9 (RLIN) 60
650 #0 - ASSUNTO--TERMO TÓPICO
Cabeçalho tópico ou nome geográfico Lúdico
9 (RLIN) 439
655 #0 - TERMO DE ÍNDICE--GÊNERO E FORMA
Gênero/forma/ou termo foco Romance
655 #0 - TERMO DE ÍNDICE--GÊNERO E FORMA
Gênero/forma/ou termo foco Ficção
700 ## - ENTRADA ADICIONADA - NOME PESSOAL
Nome pessoal Carlos Sussekind
Função do autor por extenso Tradutor
9 (RLIN) 440
942 ## - ELEMENTOS DE ENTRADA ADICIONADOS (KOHA)
Fonte de classificação ou esquema de arquivamento Classificação decimal de Dewey
Ocultar no OPAC Não
Tipo de material Koha Livros
Holdings
Situação do descarte Situação das perdas Fonte de classificação ou esquema de arquivamento Status danificado Não pode ser emprestado Coleção Biblioteca de origem Biblioteca atual Localização na estante Data de aquisição Fonte de aquisição Total de empréstimos Número de chamada completo Código de barras Data de último acesso Data do preço efetivo Tipo de material Koha
    Classificação decimal de Dewey     Ficção Biblioteca Professor Eduardo Afonso de Castro Biblioteca Professor Eduardo Afonso de Castro Infanto Juvenil 27.02.2002 doação   IJ 028.5 / F297h 2025-0480 05.02.2025 05.02.2025 Livros

Powered by Koha